| 000 | 00440nam a2200169Ia 4500 | ||
|---|---|---|---|
| 005 | 20240823053627.0 | ||
| 008 | 240823s9999||||xx |||||||||||||| ||und|| | ||
| 041 | _aENGLISH | ||
| 082 | _A604.2 P8 | ||
| 100 | _aBose N. et al. | ||
| 245 | 0 | _aEngineering Graphics -I | |
| 250 | _a1st | ||
| 260 |
_c2008 _bVirutcham Publica |
||
| 500 | _aTRANSFERED | ||
| 650 |
_aEngineering Graphics _bFire Technology & Safety Engineering |
||
| 942 | _cBK | ||
| 999 |
_c224582 _d224582 |
||